02974 a2200241 45000010006000000050017000060080041000230030015000640400040000790800031001192450065001500200022002152640048002373000019002855052205003040410008025091000023025177000020025407000028025607000023025887000022026118560099026334934420260407155757.0260407a2007 arg spa dAR-UNSa-BCEJYS aAR-UNSa-BCEJYSbspacAR-UNSa-BCEJYS a349.2xDerecho del Trabajo10aLas transformaciones de la empresa en el derecho del trabajo a978-950-727-775-7 1aSanta Fe :bRubinzal-Culzoni Editoresc2007 a885 p.c22 cm. a1. Las relaciones laborales en la reestructuración y saneamiento de las empresas / José Luis Monereo Pérez - 2. Las mutaciones de la empresa en el inicio del siglo XXI / Horacio Las Heras - 3. Las mutuaciones de la empresa en el inicio del siglo XXI / Hugo Fernández Bringoni - 4. La empresa como estructura compleja / Juan Pablo Mugnolo - 5. La empresa como estructura compleja / Ana Soleto Márquez - 6. Participación de los trabajadores en la gestión de la empresa / Silvia Esther Pinto Varela - 7. Formas actuales de la participación de los trabajadores en la empresa: ¿El imperio de lo verosímil? / Hugo Barretto Ghione - 8. La descentralización productiva (Anatomía y patología en Argentina) / Diego Martín Tosca - 9. Descentralización productiva responsable: El desafío de descentralizar sin precarizar / Gustavo Gauhtier - 10. La responsabilidad laboral en la franquicia / Antonio J. Barrera Nicholson - 11. Los grupos de empresa / Azucena Beatriz Ragusa - 12. Grupo de empresas / Alejandro Castello - 12. El tratamiento de las reestructuraciones y crisis de empresas en el sistema jurídico Argentino / Mariano Recalde - 13. El tratamiento de las reestructuraciones y crisis de empresas en el marco del MERCOSUR y en los sistemas nacionales comparados / Héctor Zapirain - 14. La regulación jurídico-laboral de la transmisión de empresas / Pablo Candal - 15. La regulación jurídico-laboral de la transmisión de empresas. Transmisión de empresas en el ordenamiento jurídico Uruguayo / Rosina Rossi Albert - 16. La regulación jurídico-laboral de los despidos colectivos / Marcelo G. Aquino - 17. La regulación jurídico-laboral de los despidos colectivos / María Violeta Saldivia y Pablo Balao Recchi - 18. La regulación jurídico-laboral de la insolvencia empresarial y la protección de los créditos laborales / Mariano Núñez - 19. La regulación jurídico-laboral de la insolvencia empresarial y la protección de los créditos laborales / Adriana López y Rosario Oiz Márquez - 20. La consideración de la empresa y su influencia sobre la caracterización de las relaciones laborales / Mariano Garmendia Arigón. aspa1 aAckerman, Mario E.1 aTosca, Diego M.1 aUriarte, Óscar Ermida1 aGoldín, Adrián1 aRaso Delgue, Juan41uhttps://www.biblioeco.unsa.edu.ar/pmb/images/libros/L128026.jpgyImagen de portadaqimage/jpeg